<?xml version="1.0" encoding="UTF-8"?>
<record
    xmlns:xsi="http://www.w3.org/2001/XMLSchema-instance"
    xsi:schemaLocation="http://www.loc.gov/MARC21/slim http://www.loc.gov/standards/marcxml/schema/MARC21slim.xsd"
    xmlns="http://www.loc.gov/MARC21/slim">

  <leader>00320nam a2200121Ia 4500</leader>
  <controlfield tag="008">191201s2012    xx            000 0 und d</controlfield>
  <datafield tag="100" ind1=" " ind2=" ">
    <subfield code="a">RUSSELL, Roberta S</subfield>
  </datafield>
  <datafield tag="245" ind1=" " ind2="0">
    <subfield code="a">Operations Management Along the Supply Chain</subfield>
  </datafield>
  <datafield tag="260" ind1=" " ind2=" ">
    <subfield code="a">N. Delhi</subfield>
    <subfield code="b">Wiley Dreautech India</subfield>
    <subfield code="c">2012</subfield>
  </datafield>
  <datafield tag="300" ind1=" " ind2=" ">
    <subfield code="a">776</subfield>
  </datafield>
  <datafield tag="650" ind1=" " ind2=" ">
    <subfield code="a">MBA</subfield>
  </datafield>
  <datafield tag="942" ind1=" " ind2=" ">
    <subfield code="2">ddc</subfield>
    <subfield code="c">BK</subfield>
  </datafield>
  <datafield tag="999" ind1=" " ind2=" ">
    <subfield code="c">5463</subfield>
    <subfield code="d">5463</subfield>
  </datafield>
  <datafield tag="952" ind1=" " ind2=" ">
    <subfield code="0">0</subfield>
    <subfield code="1">0</subfield>
    <subfield code="2">ddc</subfield>
    <subfield code="4">0</subfield>
    <subfield code="7">0</subfield>
    <subfield code="8">MBA</subfield>
    <subfield code="a">PIET</subfield>
    <subfield code="b">PIET</subfield>
    <subfield code="d">2012-08-14</subfield>
    <subfield code="e">IBH, New Delhi</subfield>
    <subfield code="g">589.00</subfield>
    <subfield code="k">8137</subfield>
    <subfield code="l">0</subfield>
    <subfield code="o">658.5 RUO</subfield>
    <subfield code="p">20690</subfield>
    <subfield code="r">2019-12-04 00:00:00</subfield>
    <subfield code="w">2012-08-13</subfield>
    <subfield code="y">BK</subfield>
  </datafield>
  <datafield tag="952" ind1=" " ind2=" ">
    <subfield code="0">0</subfield>
    <subfield code="1">0</subfield>
    <subfield code="2">ddc</subfield>
    <subfield code="4">0</subfield>
    <subfield code="7">0</subfield>
    <subfield code="8">MBA</subfield>
    <subfield code="a">PIET</subfield>
    <subfield code="b">PIET</subfield>
    <subfield code="d">2012-08-14</subfield>
    <subfield code="e">IBH, New Delhi</subfield>
    <subfield code="g">589.00</subfield>
    <subfield code="k">8137</subfield>
    <subfield code="l">0</subfield>
    <subfield code="o">658.5 RUO</subfield>
    <subfield code="p">20691</subfield>
    <subfield code="r">2019-12-04 00:00:00</subfield>
    <subfield code="w">2012-08-13</subfield>
    <subfield code="y">BK</subfield>
  </datafield>
  <datafield tag="952" ind1=" " ind2=" ">
    <subfield code="0">0</subfield>
    <subfield code="1">0</subfield>
    <subfield code="2">ddc</subfield>
    <subfield code="4">0</subfield>
    <subfield code="7">0</subfield>
    <subfield code="8">MBA</subfield>
    <subfield code="a">PIET</subfield>
    <subfield code="b">PIET</subfield>
    <subfield code="d">2012-08-14</subfield>
    <subfield code="e">IBH, New Delhi</subfield>
    <subfield code="g">589.00</subfield>
    <subfield code="k">8137</subfield>
    <subfield code="l">1</subfield>
    <subfield code="o">658.5 RUO</subfield>
    <subfield code="p">20692</subfield>
    <subfield code="q">2022-07-21</subfield>
    <subfield code="r">2022-01-22 00:00:00</subfield>
    <subfield code="s">2022-01-22</subfield>
    <subfield code="w">2012-08-13</subfield>
    <subfield code="y">BK</subfield>
    <subfield code="z">.</subfield>
  </datafield>
  <datafield tag="952" ind1=" " ind2=" ">
    <subfield code="0">0</subfield>
    <subfield code="1">0</subfield>
    <subfield code="2">ddc</subfield>
    <subfield code="4">0</subfield>
    <subfield code="7">0</subfield>
    <subfield code="8">MBA</subfield>
    <subfield code="a">PIET</subfield>
    <subfield code="b">PIET</subfield>
    <subfield code="d">2012-08-14</subfield>
    <subfield code="e">IBH, New Delhi</subfield>
    <subfield code="g">589.00</subfield>
    <subfield code="k">8137</subfield>
    <subfield code="l">0</subfield>
    <subfield code="o">658.5 RUO</subfield>
    <subfield code="p">20693</subfield>
    <subfield code="r">2019-12-04 00:00:00</subfield>
    <subfield code="w">2012-08-13</subfield>
    <subfield code="y">BK</subfield>
  </datafield>
  <datafield tag="952" ind1=" " ind2=" ">
    <subfield code="0">0</subfield>
    <subfield code="1">0</subfield>
    <subfield code="2">ddc</subfield>
    <subfield code="4">0</subfield>
    <subfield code="7">0</subfield>
    <subfield code="8">MBA</subfield>
    <subfield code="a">PIET</subfield>
    <subfield code="b">PIET</subfield>
    <subfield code="d">2012-08-14</subfield>
    <subfield code="e">IBH, New Delhi</subfield>
    <subfield code="g">589.00</subfield>
    <subfield code="k">8137</subfield>
    <subfield code="l">0</subfield>
    <subfield code="o">658.5 RUO</subfield>
    <subfield code="p">20694</subfield>
    <subfield code="r">2019-12-04 00:00:00</subfield>
    <subfield code="w">2012-08-13</subfield>
    <subfield code="y">BK</subfield>
  </datafield>
  <datafield tag="952" ind1=" " ind2=" ">
    <subfield code="0">0</subfield>
    <subfield code="1">0</subfield>
    <subfield code="2">ddc</subfield>
    <subfield code="4">0</subfield>
    <subfield code="7">0</subfield>
    <subfield code="8">MBA</subfield>
    <subfield code="a">PIET</subfield>
    <subfield code="b">PIET</subfield>
    <subfield code="d">2012-08-14</subfield>
    <subfield code="e">IBH, New Delhi</subfield>
    <subfield code="g">589.00</subfield>
    <subfield code="k">8137</subfield>
    <subfield code="l">0</subfield>
    <subfield code="o">658.5 RUO</subfield>
    <subfield code="p">20695</subfield>
    <subfield code="r">2019-12-04 00:00:00</subfield>
    <subfield code="w">2012-08-13</subfield>
    <subfield code="y">BK</subfield>
  </datafield>
</record>
